000
00289nam a2200133Ia 4500
100
_a
Gupta/Sanjeeva
942
_c
BK
654
_a
Electronics
245
_a
Electronics communications Systems
260
_b
Khanna publications
_c
1986
300
_a
796
546
_a
ENGLISH
999
_c
20647
_d
20647